| 000 | 01190nam a22002777a 4500 | ||
|---|---|---|---|
| 003 | OSt | ||
| 005 | 20201023124741.0 | ||
| 008 | 201023s2013 ck ao||gr|||| 00| 0 spa d | ||
| 020 | _a9789585810006 | ||
| 040 |
_aCO-JMCR _cCO-JMCR |
||
| 041 | 0 | _aspa | |
| 082 | 0 | 4 |
_a362.309861 _bC961i _223 |
| 100 | 1 |
_aCuartas, Alvaro, _eautor _911875 |
|
| 245 | 1 | 3 |
_aIn-diferente : _bBest Buddies Colombia, 10 años haciendo indiferente la diferencia / _ctextos, Álvaro Cuartas, Olga Lucia Lacouture, Fernando Quiroz, [y otros 23] ; fotografías, Andrés Anzola Martín |
| 250 | _aPrimera edición | ||
| 260 |
_aColombia : _bBest Buddies Colombia _cc2013. |
||
| 300 |
_a155 páginas : _bilustraciones, fotografías a color ; _c29 cm. |
||
| 500 | _aDatos biográficos de los autores en páginas 153-155. | ||
| 650 | 2 | 4 |
_aPersonas con discapacidades mentales _zColombia _911876 |
| 650 | 2 | 4 |
_aServicios _xFotografías _zColombia _911877 |
| 650 | 2 | 4 |
_aPersonas con discapacidades mentales _xRelatos personales _zColombia _911878 |
| 700 | 1 |
_aLacouture, Olga Lucia, _eautor _911879 |
|
| 700 | 1 |
_aQuiroz, Fernando, _eautor _97864 |
|
| 700 | 1 |
_aAnzola Martín, Andrés, _efotógrafo _911880 |
|
| 942 |
_2ddc _cBK |
||
| 999 |
_c6959 _d6959 |
||